Statistics for recent doctor who companions

Click here to take the quiz!

General Stats

  • This quiz has been taken 161 times
  • The average score is 8 of 9

Answer Stats

HintAnswer% Correct
matt smith's 1st companionamy pond
99%
christopher eccleston's 1st companionrose tyler
97%
david tennant's 1st companionrose tyler
97%
david tennant's 3rd companiondonna noble
94%
david tennant's 2nd companionmartha jones
94%
matt smith's 4th companionclara oswald
93%
peter capaldi's 1st companionclara oswald
93%
matt smith's 2nd companionrory williams
89%
matt smith's 3rd companionriver song
86%

Score Distribution

Percentile by Number Answered

Percent of People with Each Score

Your Score History

You have not taken this quiz